01709nam a2200493 i 450000100060000000300090000600500170001500800410003201500190007302000150009203500230010703500360013003500140016603500210018003500170020103500230021803500440024104000280028508000140031308000120032710000460033924501040038525000200048926000480050930000680055733600270062533700540065233800280070638000160073438000270075038500390077738800100081650400340082652100290086065000220088965000130091165000190092465500350094365800130097870000450099170000480103671000330108485600980111752272KOSZ 00520220426113851.0051007s2005 pl a |001 0 pol  aUWD 2005/17433 a8301144343 a991028379289705066 a(PL-WaBN)b17681686-48omnis_nlop ab17681686 a(OCoLC)749864417 azz2005973791 a(PL)b0000001768168 a(EXLNZ-48OMNIS_NETWORK)9910135514905606 aWA NcWA NdKOSZ 005/HR a581.1:575 a(075.8)1 aRogalska, Stanisławad(1943-2015)eAutor10aPodstawy cytogenetyki roślin /cStanisława Rogalska, Jolanta Małuszyńska, Maria J. Olszewska. aWyd. 2 uaktual. aWarszawa :bWydawnictwo Naukowe PWN,c2005. a299, [1] s., XVI s. tabl. kolor. :bfot., rys., wykr. ;c24 cm. aTekstbtxt2rdacontent aBez urządzenia pośredniczącegobn2rdamedia aWoluminbnc2rdacarrier aKsiążki aPublikacje dydaktyczne mPoziom nauczaniaaSzkoły wyższe a2001- aBibliogr. przy rozdz. Indeks.8 aPodręcznik akademicki. 7aCytogenetyka2DBN 7aBotanika 7aRośliny2DBN 7aPodręczniki akademickie2DBN aBiologia1 aMałuszyńska, Jolantad(1941- )eAutor1 aOlszewska, Maria Joannad(1929-2011)eAutor2 aWydawnictwo Naukowe PWN4pbl uhttp://koha.tu.koszalin.pl/cgi-bin/koha/opac-detail.pl?biblionumber=52272yKatalog online BPK